000 00883nab a2200253 u 4500
001 13220
003 HDC
007 cr bn ---aaaaa
008 210212c my dr|nes 0 |0eng
040 _aHDC
100 _aMuhammad Perkasa Al Hafiz,
_eauthor
_914024
245 0 _aLisensi Halal Belum Menyentuh Rantai Logistik /
_cby Muhammad Perkasa Al Hafiz
260 _a[no place] :
_b[publisher not identified],
_c[no year]
336 _atext
_2rdacontent
337 _acomputer
_2rdamedia
338 _aonline resource
_2rdacarrier
650 _aHalal industry
_9144
650 _aHalal logistic
_91598
710 _aMajalah Marketing Online
856 _zRequest full-text at [email protected]
942 _2lcc
942 _cNEWS
942 _kNWSO 002874
999 _c10536
_d10536